000 00641nam a2200277Ia 4500
005 20260324143419.0
008 008 260324s9999 xx 000 0 eng d
020 _a9780203161395
037 _aEBOOK
040 _aCRL
040 _beng
040 _cCRL
041 _2eng
041 _aeng
084 _qCRL
100 _aColin McInnes
_91215541
245 0 _aSecurity and Strategy in the New Europe
260 _bTaylor and Francis
260 _c1992
365 _a
365 _b240
856 _uhttp://www.taylorfrancis.com/books/9780203161395
942 _cEBOOK
999 _c1820918
_d1820918